ბათუმის შოთა რუსთაველის სახელმწიფო უნივერსიტეტის ბიბლიოთეკა

ეკონომიკურ მოძღვრებათა ისტორია. ნაწ. 2 / (ბიბ.ჩანაწერი № 39816)

000 -ლიდერი
ფიქსირებული სიგრძის საკონტროლო ველი 01293nam a2200265Ia 4500
001 - საკონტროლო ნომერი
საკონტროლო ველი 6421
003 - საკონტროლო ნომრის იდენტიფიკატორი
საკონტროლო ველი GE_BSU
005 - ბოლო ოპერაციის თარიღი და დრო
საკონტროლო ველი 20191114155113.0
008 - ფიქსირებული სიგრძის მონაცემთა ელემენტები - ზოგადი ინფორმაცია
ფიქსირებული სიგრძის საკონტროლო ველი 181216s2009||||ge |||||||||||||| ||geo||
020 ## - წიგნის საერთაშორისო სტანდარტული ნომერი
International Standard Book Number 9789941131035
040 ## - კატალოგიზაციის წყარო
Transcribing agency GE_BSU
041 ## - ენის კოდი
Language code of text/sound track or separate title geo
080 ## - უნივერსალური ათობითი კლასიფიკაციის ინდექსი
Universal Decimal Classification number 330.8 თ-68
100 ## - მთავარი ჩანაწერი - პიროვნების სახელი
Personal name თოდუა, გრიგოლ
9 (RLIN) 878
245 ## - ცნობა სათაურის შესახებ
Title ეკონომიკურ მოძღვრებათა ისტორია. ნაწ. 2 /
Statement of responsibility, etc გრიგოლ თოდუა ; [რედ. ავთანდილ სილაგაძე].
264 ## - წარმოების, გამოცემის, დისტრიბუციის და სხვა ცნობები
გამოცემის, წარმოების, დისტრიბუციის... ადგილი თბილისი :
გამოცემის, წარმოების, დისტრიბუციის... სახელწოდება თბილისის სახ. უნ-ტი,
გამოცემის, წარმოების, დისტრიბუციის... თარიღი 2009.
300 ## - ფიზიკური აღწერა
Extent 414 გვ. ;
Other physical details 20 სმ.
653 ## - INDEX TERM--UNCONTROLLED
Uncontrolled term ეკონომიკა
653 ## - INDEX TERM--UNCONTROLLED
Uncontrolled term ეკონომიკის ისტორია
653 ## - INDEX TERM--UNCONTROLLED
Uncontrolled term ეკონომიკურ მოძღვრებათა ისტორია
653 ## - INDEX TERM--UNCONTROLLED
Uncontrolled term სახელმძღვანელო
700 ## - ADDED ENTRY--PERSONAL NAME
Personal name სილაგაძე, ავთანდილ
Relator term რედაქტორი
9 (RLIN) 5347
710 ## - ADDED ENTRY--CORPORATE NAME
Corporate name or jurisdiction name as entry element ივანე ჯავახიშვილის სახელობის თბილისის სახელმწიფო უნივერსიტეტი.
9 (RLIN) 5348
942 ## - ADDED ENTRY ELEMENTS (KOHA)
Koha item type წიგნი
Source of classification or shelving scheme
ეგზემპლარები
ჩამოწერის სტატუსი დაკარგული ეგზემპლარის სტატუსი კლასიფიკაციის წყარო ან თაროზე გაწყობის სქემა დაზიანების სტატუსი არ გაიცემა მუდმივი მდებარეობა (დაცვის ადგილი) ამჟამინდელი ადგილსამყოფელი თაროზე განთავსების ადგილი შეძენის თარიღი ღირებულება, შესყიდვის ნორმალური ფასი სრული შენახვის შიფრი შტრიხკოდი ბოლო ოპერაციის თარიღი ეგზემპლარის მიმდევრობითი ნომერი (კეტერი?) ფასის ძალაში შესვლის თარიღი ეგზემპლარის სახეობა საჯარო შენიშვნა
          ბათუმის შოთა რუსთაველის სახელმწიფო უნივერსიტეტის მთავარი ბიბლიოთეკა ბათუმის შოთა რუსთაველის სახელმწიფო უნივერსიტეტის მთავარი ბიბლიოთეკა წიგნსაცავი 2018-12-17 26.00 330.8 თ-68 6777 2018-12-17 6777 2018-12-17 წიგნი 26 ლ.